=LDR 00000nam 2200000 4500 =001 INLIS000000000058804 =005 20211012090410 =035 ##$$a 0010-1021000252 =007 ta =008 211012###########################0#ind## =020 ##$$a 978-623-96269-2-1 =082 ##$$a 787.87 =084 ##$$a 787.87 Gre j =245 1#$$a Jago bermain Gitar : $b Jago main gitar tanpa les tanpa guru /$c Gregorius Josh, S.Sn =300 ##$$a 102 halaman : $b ilustrasi ; $c 20 cm =650 #4$$a Gitar =264 ##$$a yogyakarta :$b Griya Pustaka Utama,$c 2021 =336 ##$$a teks$2 rdacontent =337 ##$$a lain-lain$2 rdamedia =338 ##$$a lain-lain$2 rdacarrier =990 ##$$a 17821782 =990 ##$$a 17821782